|
|
|
|
| LEADER |
00000nam a2200000Ii 4500 |
| 001 |
DIGAKAL0531 |
| 003 |
NyNyDIG |
| 008 |
200409s2018 sp o 000 0 spa d |
| 006 |
m o d |
| 007 |
cr ||||||||||| |
| 035 |
|
|
|a (OCoLC)1150269412
|
| 040 |
|
|
|a DGITA
|b eng
|e rda
|e pn
|c DGITA
|
| 020 |
|
|
|a 9788446046240
|q (eBook ;
|q ePub)
|
| 020 |
|
|
|a 8446046245
|q (eBook ;
|q ePub)
|
| 020 |
|
|
|z 9788446046196
|
| 020 |
|
|
|z 8446046199
|
| 050 |
1 |
4 |
|a DK254.L3 ebook
|
| 082 |
0 |
4 |
|a 335.43
|
| 100 |
1 |
|
|a Lenin, Vladimir Il'ich,
|d 1870-1924,
|e author.
|
| 240 |
1 |
0 |
|a Works.
|k Selections.
|l Spanish
|s (Antón Fernández)
|
| 245 |
1 |
0 |
|a Territorios inexplorados :
|b Lenin después de Octubre /
|c Slavoj Žižek (ed.) ; traducción, Antonio J. Antón Fernández.
|
| 264 |
|
1 |
|a Tres Cantos, Madrid, España :
|b Ediciones Akal,
|c [2018]
|
| 300 |
|
|
|a 1 online resource.
|
| 336 |
|
|
|a text
|b txt
|2 rdacontent
|
| 337 |
|
|
|a computer
|b c
|2 rdamedia
|
| 338 |
|
|
|a online resource
|b cr
|2 rdacarrier
|
| 347 |
|
|
|a text file
|2 rdaft
|
| 347 |
|
|
|b EPUB
|
| 490 |
1 |
|
|a Akal/Cuestiones de antagonismo ;
|v 106.
|a Serie Clásicos
|
| 588 |
0 |
|
|a Online resource; title from ePub title page (Digitalia, viewed April 9, 2020)
|
| 651 |
|
0 |
|a Soviet Union
|x Politics and government
|y 1917-1936.
|
| 650 |
|
0 |
|a Socialism.
|
| 655 |
|
0 |
|a Electronic books.
|
| 700 |
1 |
|
|a Žižek, Slavoj,
|e editor.
|
| 700 |
1 |
|
|a Antón Fernández, Antonio J.,
|e translator.
|
| 700 |
1 |
|
|i Translation of:
|a Lenin, Vladimir Ilʹich,
|d 1870-1924.
|s Works. Selections. English. 2017.
|t Lenin 2017.
|
| 791 |
2 |
|
|a Digitalia (Firm),
|e distributor.
|
| 793 |
0 |
|
|g Digitalia eBook Collection:
|a Akal
|
| 776 |
0 |
8 |
|i Print version:
|a Lenin, Vladimir Il'ich, 1870-1924.
|s Works. Selections. Spanish (Antón Fernández).
|t Territorios inexplorados.
|d Madrid, España : Akal, [2018]
|z 9788446046196
|
| 830 |
|
0 |
|a Cuestiones de antagonismo ;
|v 106.
|
| 830 |
|
0 |
|a Cuestiones de antagonismo.
|p Serie clásicos.
|
| 856 |
4 |
0 |
|3 Digitalia Hispánica
|u https://www.digitaliapublishing.com/a/55193/
|
| 910 |
|
|
|a Premium collection: 2020
|